IMPULZ časopis pre obidve strany bankového pultu

Gespeichert in:
Bibliographische Detailangaben
Format: Schriftenreihe
Sprache:Slowakisch
Veröffentlicht: Bratislava Euro-Press 1997
Schlagworte:
Tags: Tag hinzufügen
Keine Tags, Fügen Sie das erste Tag hinzu!

MARC

LEADER 00000nas2a2200000 4500
001 s121973
005 20221220130949.8
041 0 |a slo 
044 |a SK 
245 1 0 |a IMPULZ  |b časopis pre obidve strany bankového pultu 
264 1 |a Bratislava  |b Euro-Press  |c 1997 
500 |a Chýba č. 1, 3 
773 0 |w eu_un_cat*s121252 
610 2 0 |a bankovníctvo 
610 2 0 |a poisťovníctvo